| 000 | 00726nam a22002177a 4500 | ||
|---|---|---|---|
| 999 |
_c2293 _d2293 |
||
| 003 | AR-CdUCM | ||
| 008 | 190304b ||||| |||| 00| 0 spa d | ||
| 040 |
_aMUNICIPALIDAD PROVINCIAL DEL CUSCO _cBIBLIOTECA MUNICIPAL DEL CUSCO |
||
| 082 |
_a327.82083 / _bF39 |
||
| 100 |
_aFerrari, Gustavo _98278 |
||
| 245 |
_aConflicto y paz con Chile : _b1898-1903 / |
||
| 260 |
_aBuenos Aires : _bEUDEBA, _c1969. |
||
| 300 |
_a168 páginas ; _c19 cm. |
||
| 505 | _aLos rivales -- La reelección de roca -- Alternativas de conflicto -- Al borde de la guerra -- La solución... | ||
| 650 |
_aChile _91150 |
||
| 650 |
_aPerú _935 |
||
| 650 |
_aGuerra del pacifico _9941 |
||
| 650 |
_aHistoria _9136 |
||
| 942 |
_2ddc _cLIBROS |
||
| 945 | _admma | ||